00338nam a22001337a 4500020001500000082003300015100002000048245004000068250000800108260000900116300003300125526003700158650000900195 a0071226621 a624.161bLEEcN-01, p-103. : aKenneth M. Leet aFundamentals of Structural Analysis a1st c2002 axviii, 734. p :bill, c45cm a0b0c0d624_161000000000000_LEE aNUST